[Event "NK A Jeugd"]
[Site "Chess.com"]
[Date "2020.05.01"]
[Round "3"]
[White "Heskes, Johan"]
[Black "Qi, Zimo"]
[Result "0-1"]
[WhiteElo "1758"]
[BlackElo "1746"]
[PlyCount "70"]
[EventDate "2020.05.??"]

1. d4 d5 2. c4 e6 3. Nc3 Nf6 4. Bf4 Nbd7 5. e3 c6 6. c5 Be7 7. h3 O-O 8. Nf3
Re8 9. Be2 h6 10. O-O Ne4 11. Nxe4 dxe4 12. Ne5 Bf6 13. Nxd7 Bxd7 14. Qc2 e5
15. dxe5 Bxe5 16. Bxe5 Rxe5 17. Rad1 Qe7 18. Rd6 Bf5 19. Rfd1 Qg5 20. Kh2 Bg6
21. b4 Rd5 22. R6xd5 cxd5 23. a4 Rc8 24. b5 Qe5+ 25. Kg1 Bh5 26. Bxh5 Qxh5 27.
Rc1 Qe5 28. Qc3 Qxc3 29. Rxc3 f5 30. Kh2 Kf7 31. Kg3 g5 32. h4 Ke6 33. f4 gxf4+
34. Kxf4 Rg8 35. g4 Rxg4# 0-1

[Event "NK A Jeugd"]
[Site "Chess.com"]
[Date "2020.05.01"]
[Round "3"]
[White "De Winter, Arthur"]
[Black "De Boer, Eelke"]
[Result "0-1"]
[WhiteElo "2429"]
[BlackElo "1751"]
[PlyCount "112"]
[EventDate "2020.05.??"]

1. e4 e6 2. d4 d5 3. Nc3 Bb4 4. e5 c5 5. a3 Bxc3+ 6. bxc3 Qa5 7. Bd2 Qa4 8. Qg4
g6 9. Ra2 Nc6 10. Nf3 c4 11. h4 h6 12. Be2 Bd7 13. O-O O-O-O 14. Qf4 Rh7 15.
Rb1 Nge7 16. Rab2 b6 17. Ra1 Rdh8 18. Qg4 Rf8 19. h5 g5 20. Ne1 Nf5 21. g3 f6
22. Nf3 fxe5 23. Nxe5 Nxe5 24. dxe5 Rhf7 25. f3 Qa5 26. Rf1 Qc5+ 27. Rf2 Qxa3
28. Rb1 Qa2 29. Rc1 Qa5 30. Rcf1 Qc5 31. Kh2 Ne3 32. Bxe3 Qxe3 33. Qd4 Qxd4 34.
cxd4 b5 35. f4 gxf4 36. gxf4 Kb7 37. Bg4 a5 38. Kg3 b4 39. Kh4 a4 40. Ra1 b3
41. cxb3 axb3 42. Kg3 Ra8 43. Raf1 Rg7 44. Kh4 c3 45. Rb1 b2 46. Rc2 Rc8 47.
Be2 Ba4 48. Rcxb2+ cxb2 49. Rxb2+ Kc7 50. Ra2 Bc6 51. Ra7+ Bb7 52. f5 exf5 53.
Bd3 Ra8 54. Rxa8 Bxa8 55. Bxf5 Bc6 56. e6 Kd6 0-1

[Event "NK A Jeugd"]
[Site "Chess.com"]
[Date "2020.05.01"]
[Round "3"]
[White "Noordenbos, Daan"]
[Black "Duson, Robin"]
[Result "1-0"]
[WhiteElo "2074"]
[BlackElo "1925"]
[PlyCount "35"]
[EventDate "2020.05.??"]

1. e4 c5 2. Nf3 e6 3. d4 cxd4 4. Nxd4 Nc6 5. Nc3 Qc7 6. Ndb5 Qb8 7. Be3 a6 8.
Bb6 axb5 9. Nxb5 Bb4+ 10. c3 Ba5 11. Nd6+ Kf8 12. Bc5 Nge7 13. Qh5 g6 14. Qh6+
Kg8 15. f4 f5 16. Bc4 Bc7 17. Ne8 Bxf4 18. Qg7# 1-0

[Event "NK A Jeugd"]
[Site "Chess.com"]
[Date "2020.05.01"]
[Round "3"]
[White "Roebers, Eline"]
[Black "Maters, Arthur"]
[Result "1-0"]
[WhiteElo "2061"]
[BlackElo "1923"]
[PlyCount "83"]
[EventDate "2020.05.??"]

1. e4 c5 2. b4 cxb4 3. a3 e5 4. axb4 Bxb4 5. Nf3 Nc6 6. c3 Be7 7. Na3 Nf6 8.
Bd3 O-O 9. O-O a6 10. Bc2 d5 11. exd5 Nxd5 12. Nc4 Bf6 13. Qe2 Re8 14. Ba3 Bg4
15. Qe4 g6 16. Qxg4 h5 17. Qe4 b5 18. Nd6 Re6 19. Qxd5 b4 20. Qxc6 Rxd6 21. Qe4
bxa3 22. Bb3 Bg7 23. Nxe5 Bxe5 24. Qxe5 Rxd2 25. Qe4 Kg7 26. Rfd1 a2 27. Rxd2
Qxd2 28. Qd4+ Qxd4 29. cxd4 Rd8 30. d5 Rd6 31. Rxa2 Kf6 32. Kf1 Ke5 33. Ke2 Kd4
34. Kd2 Rb6 35. Ra4+ Kc5 36. Kc3 Rf6 37. f3 Rd6 38. Bc4 f5 39. Ra5+ Kb6 40.
Rxa6+ Kc7 41. Rxd6 Kxd6 42. Kd4 1-0

[Event "NK A Jeugd"]
[Site "Chess.com"]
[Date "2020.05.01"]
[Round "3"]
[White "Van Foreest, Machteld"]
[Black "Van Roon, Sjoerd"]
[Result "1/2-1/2"]
[WhiteElo "1996"]
[BlackElo "2325"]
[PlyCount "147"]
[EventDate "2020.05.??"]

1. e4 c5 2. Nf3 Nc6 3. d4 cxd4 4. Nxd4 Nf6 5. Nc3 e5 6. Ndb5 d6 7. Bg5 a6 8.
Na3 b5 9. Bxf6 gxf6 10. Nd5 f5 11. Bd3 Be6 12. c3 Bg7 13. Nc2 Bxd5 14. exd5 Ne7
15. O-O O-O 16. Qh5 e4 17. Be2 f4 18. Nd4 Bxd4 19. cxd4 f5 20. f3 e3 21. Bd3
Rf6 22. Qg5+ Ng6 23. Bxf5 Qf8 24. Be6+ Kh8 25. Rac1 Ne7 26. Rc7 Re8 27. Rfc1
Rg6 28. Qh5 Qg7 29. Kh1 e2 30. Re1 Qxd4 31. Rc2 Rf8 32. Rcxe2 Qf6 33. Bg4 Rh6
34. Re6 Rxh5 35. Rxf6 Rxf6 36. Bxh5 Nxd5 37. Re8+ Kg7 38. Ra8 Ne3 39. Kg1 Rf5
40. Ra7+ Kh6 41. Bg4 Rd5 42. g3 Rd1+ 43. Kf2 Rd2+ 44. Ke1 Rxb2 45. Rxa6 Nxg4
46. fxg4 Rxh2 47. Rxd6+ Kg5 48. gxf4+ Kxg4 49. Rf6 Rxa2 50. Rh6 Ra7 51. f5 Kxf5
52. Rh5+ Kg4 53. Rxb5 Rf7 54. Rb8 h5 55. Rg8+ Kh3 56. Ke2 h4 57. Ke1 Kh2 58.
Ke2 h3 59. Ke1 Rf6 60. Ke2 Rf7 61. Ke1 Kh1 62. Ke2 h2 63. Ke1 Ra7 64. Kf2 Ra2+
65. Kf1 Ra1+ 66. Kf2 Rg1 67. Ra8 Rg2+ 68. Kf1 Rb2 69. Ra1 Rg2 70. Ra8 Rg1+ 71.
Kf2 Rb1 72. Rg8 Rb2+ 73. Kf1 Rg2 74. Rxg2 1/2-1/2

[Event "NK A Jeugd"]
[Site "Chess.com"]
[Date "2020.05.01"]
[Round "3"]
[White "Vlieger, Olaf"]
[Black "Boghossian, Wahe"]
[Result "0-1"]
[WhiteElo "1869"]
[BlackElo "1847"]
[PlyCount "122"]
[EventDate "2020.05.??"]

1. e4 c5 2. Nf3 d6 3. d4 cxd4 4. Nxd4 Nf6 5. Nc3 a6 6. Be3 e5 7. Nf3 Be6 8. Ng5
Nbd7 9. Nxe6 fxe6 10. Bc4 d5 11. exd5 exd5 12. Bxd5 Qc7 13. Bb3 Bb4 14. Bd2
O-O-O 15. Qe2 Rhe8 16. O-O-O Nc5 17. Kb1 Qa5 18. Qf3 Kb8 19. Rhe1 Rd7 20. a3
Nxb3 21. cxb3 Bf8 22. Ne4 Qb6 23. Nxf6 gxf6 24. b4 Red8 25. Be3 Qe6 26. Rxd7
Rxd7 27. Rd1 Bd6 28. Qe2 Qf5+ 29. Qc2 Qg4 30. f3 Qh4 31. g3 Qh5 32. Qe2 e4 33.
Bf4 exf3 34. Qf2 Qf5+ 35. Qc2 Qe6 36. Rxd6 Rxd6 37. Bxd6+ Qxd6 38. Qf2 Qd1+ 39.
Ka2 Qe2 40. Qd4 Qe6+ 41. Kb1 Qe1+ 42. Ka2 Qe6+ 43. Kb1 Qf5+ 44. Ka2 f2 45. Qd8+
Qc8 46. Qd3 Qe6+ 47. b3 Qc6 48. Qd8+ Qc8 49. Qd3 Qc7 50. Kb2 Qe5+ 51. Kc2 Qc7+
52. Kd2 Qe5 53. Qe2 Qd4+ 54. Kc2 Ka7 55. h3 f5 56. a4 Qe4+ 57. Kd2 Qd4+ 58. Kc2
h5 59. h4 f4 60. gxf4 Qxf4 61. b5 f1=Q 0-1

[Event "NK A Jeugd"]
[Site "Chess.com"]
[Date "2020.05.01"]
[Round "3"]
[White "Van Dael, Siem"]
[Black "Hilwerda, Jonas"]
[Result "1-0"]
[WhiteElo "2243"]
[BlackElo "2245"]
[PlyCount "133"]
[EventDate "2020.05.??"]

1. e4 c5 2. Nf3 e6 3. d4 cxd4 4. Nxd4 Nf6 5. Nc3 Nc6 6. Ndb5 d6 7. Bf4 e5 8.
Bg5 a6 9. Na3 b5 10. Nd5 Be7 11. Bxf6 Bxf6 12. c3 Ne7 13. Nxf6+ gxf6 14. Bd3 d5
15. Nc2 dxe4 16. Bxe4 Qxd1+ 17. Rxd1 Ra7 18. O-O Be6 19. Rd6 f5 20. Bc6+ Nxc6
21. Rxc6 Kd7 22. Nb4 a5 23. Rd1+ Ke7 24. Nd5+ Bxd5 25. Rxd5 Rd8 26. Rxe5+ Kf8
27. g3 b4 28. Rxf5 Rd1+ 29. Kg2 Rd2 30. cxb4 axb4 31. b3 Raxa2 32. Rb6 Rd4 33.
Rb7 Rb2 34. Rfxf7+ Kg8 35. Rg7+ Kh8 36. Rxh7+ Kg8 37. Rhd7 Rxd7 38. Rxd7 Rxb3
39. Rb7 Kf8 40. h4 Ke8 41. h5 Kd8 42. h6 Kc8 43. h7 Kxb7 44. h8=Q Kb6 45. Qd4+
Kb5 46. Qd5+ Ka4 47. g4 Rc3 48. g5 Rc7 49. g6 b3 50. Qd4+ Kb5 51. Qe5+ Rc5 52.
Qb8+ Kc4 53. Qf4+ Kb5 54. g7 Rc8 55. Qg5+ Ka4 56. g8=Q Rxg8 57. Qxg8 Ka3 58.
Qa8+ Kb4 59. Qb7+ Kc3 60. f4 b2 61. f5 b1=Q 62. Qxb1 Kd4 63. f6 Ke5 64. f7 Kd6
65. f8=Q+ Ke5 66. Qbf5+ Kd4 67. Q8c5# 1-0

[Event "NK A Jeugd"]
[Site "Chess.com"]
[Date "2020.05.01"]
[Round "3"]
[White "Grutter, Tim"]
[Black "Han, Yichen"]
[Result "1/2-1/2"]
[WhiteElo "2185"]
[BlackElo "2233"]
[PlyCount "87"]
[EventDate "2020.05.??"]

1. e4 e5 2. Nf3 Nc6 3. Bc4 Nf6 4. d3 Be7 5. O-O O-O 6. Re1 d6 7. a4 Kh8 8. c3
Ng8 9. d4 f5 10. exf5 d5 11. Bb5 e4 12. Ne5 Nxe5 13. dxe5 c6 14. Be2 Bxf5 15.
Be3 Qc7 16. Bf4 Qb6 17. Qd2 Rad8 18. a5 Qc7 19. a6 b6 20. Na3 Qd7 21. Rad1 Qe6
22. b4 Nh6 23. Nc2 c5 24. Qe3 Nf7 25. bxc5 bxc5 26. Rb1 Nxe5 27. Rb7 Nc6 28.
Rd1 Bf6 29. Qxc5 Bg4 30. Bxg4 Qxg4 31. Rf1 Qxf4 32. Qxc6 Qd2 33. Nd4 e3 34. Nf3
exf2+ 35. Rxf2 Qc1+ 36. Rf1 Qe3+ 37. Kh1 Bxc3 38. Rd7 d4 39. Rxd8 Rxd8 40. Qc7
Re8 41. Qf7 h6 42. Nh4 d3 43. Ng6+ Kh7 44. Nf8+ 1/2-1/2

[Event "NK A Jeugd"]
[Site "Chess.com"]
[Date "2020.05.01"]
[Round "3"]
[White "Honkoop, Gilian"]
[Black "Van Randtwijk, Mick"]
[Result "0-1"]
[WhiteElo "1459"]
[BlackElo "2055"]
[PlyCount "86"]
[EventDate "2020.05.??"]

1. d4 Nf6 2. Nf3 e6 3. g3 d5 4. Bg2 Bd6 5. O-O O-O 6. c4 c6 7. Nc3 Nbd7 8. Nd2
Bc7 9. e4 dxe4 10. Ndxe4 Nxe4 11. Nxe4 h6 12. f4 Nf6 13. Be3 Qe7 14. Qc2 Rd8
15. a3 Bb6 16. Nxf6+ Qxf6 17. c5 Bc7 18. Rfd1 Bd7 19. b4 a6 20. Rab1 Qf5 21.
Be4 Qg4 22. Kg2 Rab8 23. Bf2 f5 24. Bf3 Qg6 25. a4 Bxf4 26. Qe2 Bc7 27. Kh1 Qf6
28. Rd3 Re8 29. Be1 Rbd8 30. Bc3 e5 31. dxe5 Bxe5 32. Bxe5 Rxe5 33. Qd2 Re7 34.
Rd1 Qf7 35. b5 axb5 36. axb5 Qe6 37. bxc6 bxc6 38. Kg1 f4 39. Qxf4 Rf8 40. Qd2
Be8 41. Rd6 Qe5 42. Bg2 Qxc5+ 43. Kh1 Rf2 0-1

[Event "NK A Jeugd"]
[Site "Chess.com"]
[Date "2020.05.01"]
[Round "3"]
[White "Emans, Job"]
[Black "Shakhverdian, William"]
[Result "1-0"]
[WhiteElo "1990"]
[BlackElo "2094"]
[PlyCount "139"]
[EventDate "2020.05.??"]

1. d4 Nf6 2. c4 e6 3. Nf3 d5 4. g3 Nbd7 5. Bg2 dxc4 6. Qc2 b5 7. a4 Bb7 8. axb5
Nb6 9. Nc3 Bb4 10. O-O O-O 11. Bg5 h6 12. Bxf6 Qxf6 13. Ng5 hxg5 14. Bxb7 Rab8
15. Rxa7 Qxd4 16. Rd1 Qe5 17. Bf3 Rfd8 18. Rxd8+ Rxd8 19. Ne4 g4 20. Bg2 f5 21.
Nc3 Bc5 22. Ra1 Bb4 23. Bc6 Kh8 24. Ra7 Bc5 25. Ra1 Nd5 26. Rd1 Rd6 27. Nxd5
exd5 28. e3 Bb6 29. Ra1 Rd8 30. Qd2 Qe4 31. Rd1 Qe5 32. Bxd5 Rd6 33. Kg2 Kh7
34. Kg1 Kg6 35. Kg2 Kh7 36. Kg1 Kg6 37. Kg2 Bc5 38. Kg1 Kf6 39. Kg2 Ke7 40. Kg1
Kf8 41. Kg2 Qe8 42. Qc2 Qe5 43. Qxc4 Bb6 44. Rd3 Ke7 45. Rd1 Kf6 46. Rd3 Ke7
47. Qb3 Kf6 48. Qd1 Ke7 49. Bc6 g5 50. Rxd6 Qxd6 51. Qxd6+ Kxd6 52. e4 f4 53.
gxf4 gxf4 54. f3 g3 55. hxg3 fxg3 56. Kxg3 Bd4 57. f4 Bxb2 58. Kf3 Ke6 59. e5
Bc3 60. Ke4 Ke7 61. f5 Bb2 62. Kd5 Bc3 63. Ke4 Bb2 64. Bd5 Ba3 65. Be6 Bb2 66.
Kd5 Bc3 67. f6+ Kf8 68. Ke4 Bd2 69. Kf5 Bb4 70. Bd7 1-0

[Event "NK A Jeugd"]
[Site "Chess.com"]
[Date "2020.05.01"]
[Round "3"]
[White "Elgersma, Onno"]
[Black "Wedda, Dries"]
[Result "0-1"]
[WhiteElo "2291"]
[BlackElo "2265"]
[PlyCount "108"]
[EventDate "2020.05.??"]

1. e4 c5 2. Nf3 d6 3. d4 cxd4 4. Nxd4 Nf6 5. Nc3 a6 6. a3 e5 7. Nf3 Be7 8. Bc4
h6 9. O-O O-O 10. Ba2 Nc6 11. Re1 Be6 12. h3 Rc8 13. Qd3 Na5 14. Nd5 Bxd5 15.
Bxd5 Nxd5 16. Qxd5 Rc5 17. Qd3 Qc7 18. c3 Nb3 19. Rb1 b5 20. Be3 Rc4 21. Qd1
Na5 22. Nd2 Rc6 23. Qg4 Nc4 24. Nxc4 Rxc4 25. Bxh6 Bf6 26. Bg5 Qe7 27. Bxf6
Qxf6 28. Rbd1 a5 29. Rd3 b4 30. axb4 axb4 31. Red1 bxc3 32. bxc3 Rd8 33. h4 d5
34. h5 Rxe4 35. Qxe4 dxe4 36. Rxd8+ Kh7 37. R8d2 Qg5 38. Rc2 e3 39. fxe3 Qxe3+
40. Kh1 Qg5 41. Rdc1 Qxh5+ 42. Kg1 e4 43. c4 Qc5+ 44. Kh2 e3 45. Re1 f5 46. g3
g5 47. Rf1 Kg6 48. Kg2 Qd4 49. Kh2 Qd3 50. Rfc1 e2 51. Ra2 f4 52. gxf4 gxf4 53.
c5 Qg3+ 54. Kh1 e1=Q+ 0-1

[Event "NK A Jeugd"]
[Site "Chess.com"]
[Date "2020.05.01"]
[Round "3"]
[White "Albers, Sasa"]
[Black "Labruyère, Roger"]
[Result "1-0"]
[WhiteElo "2083"]
[BlackElo "1930"]
[PlyCount "63"]
[EventDate "2020.05.??"]

1. e4 c5 2. Nf3 e6 3. c3 d5 4. exd5 exd5 5. Bb5+ Bd7 6. Qe2+ Qe7 7. O-O Qxe2 8.
Bxe2 Nc6 9. d4 cxd4 10. cxd4 Nf6 11. Nc3 Be7 12. Bg5 O-O 13. Bxf6 Bxf6 14. Nxd5
Bxd4 15. Rfd1 Be5 16. Nxe5 Nxe5 17. f4 Ng6 18. Ne7+ Nxe7 19. Rxd7 Rfe8 20. Bf3
Ng6 21. g3 Rab8 22. Rc1 h6 23. Rcc7 Rf8 24. Bd5 Nh8 25. Rxb7 Rbc8 26. Rbc7 Rb8
27. b3 a5 28. Ra7 Rb5 29. Bc4 Rc5 30. Rd5 Rxd5 31. Bxd5 Rd8 32. Rxa5 1-0

[Event "NK A Jeugd"]
[Site "Chess.com"]
[Date "2020.05.01"]
[Round "4"]
[White "Maters, Arthur"]
[Black "Honkoop, Gilian"]
[Result "1-0"]
[WhiteElo "1925"]
[BlackElo "1441"]
[PlyCount "113"]
[EventDate "2020.05.??"]

1. e4 e5 2. Bc4 Nc6 3. d3 Bc5 4. Nc3 d6 5. Qh5 Qf6 6. Nf3 g6 7. Qg5 h6 8. Qg3
Nge7 9. Bd2 Be6 10. Bxe6 Qxe6 11. Na4 Bb4 12. c3 Ba5 13. b4 Bb6 14. Nxb6 axb6
15. O-O Rxa2 16. Rxa2 Qxa2 17. Qh4 g5 18. Qh5 Ng6 19. g3 Nce7 20. Kg2 Ng8 21.
Qg4 Nf6 22. Qc8+ Ke7 23. Qxc7+ Nd7 24. Be3 Qc2 25. Qc4 Ra8 26. h4 gxh4 27. Bxh6
hxg3 28. Ng5 Nh8 29. Kg1 Qd2 30. Nxf7 Qxf2+ 31. Rxf2 gxf2+ 32. Kxf2 Nxf7 33.
Be3 Rf8 34. Qc7 Nd8+ 35. Ke2 Rg8 36. Bxb6 Ne6 37. Qxb7 Nf4+ 38. Kd2 Rg2+ 39.
Kc1 Nxd3+ 40. Kb1 Nf4 41. Bc7 Rd2 42. Qc6 Ke6 43. b5 Nc5 44. b6 Ne2 45. Qe8+
Kf6 46. Qh8+ Kg6 47. Qg8+ Kh6 48. Qf8+ Kg6 49. Qf5+ Kh6 50. Qh3+ Kg6 51. Qg2+
Kf6 52. Qf3+ Ke6 53. Qg4+ Kf6 54. Bd8+ Kf7 55. Qh5+ Ke6 56. Qh6+ Kd7 57. Qxd2
1-0

[Event "NK A Jeugd"]
[Site "Chess.com"]
[Date "2020.05.01"]
[Round "4"]
[White "Noordenbos, Daan"]
[Black "Emans, Job"]
[Result "1-0"]
[WhiteElo "2085"]
[BlackElo "1974"]
[PlyCount "49"]
[EventDate "2020.05.??"]

1. e4 e5 2. Nf3 Nc6 3. Bc4 Bc5 4. d3 Nf6 5. c3 O-O 6. Bb3 d6 7. Nbd2 a6 8. h3
Ba7 9. Nf1 Be6 10. Bc2 d5 11. Qe2 Re8 12. g4 d4 13. Ng3 Nd7 14. Rg1 Nf8 15. Nf5
Ng6 16. Bd2 Qd7 17. h4 dxc3 18. bxc3 Rad8 19. h5 Nf8 20. N3h4 Na5 21. Qf3 c5
22. Nxg7 Kxg7 23. h6+ Kg8 24. Qf6 Qd4 25. Qg7# 1-0

[Event "NK A Jeugd"]
[Site "Chess.com"]
[Date "2020.05.01"]
[Round "4"]
[White "Wedda, Dries"]
[Black "Van Dael, Siem"]
[Result "0-1"]
[WhiteElo "2245"]
[BlackElo "2253"]
[PlyCount "52"]
[EventDate "2020.05.??"]

1. d4 Nf6 2. c4 g6 3. Nc3 Bg7 4. e4 d6 5. Be2 O-O 6. h4 h5 7. Nf3 c5 8. d5 e6
9. O-O exd5 10. exd5 Bg4 11. Bg5 Nbd7 12. Qd2 Re8 13. Rfe1 Qb6 14. a4 Ne4 15.
Nxe4 Rxe4 16. Rab1 Rae8 17. Be3 Bxf3 18. Bxf3 Rxc4 19. Bh6 Rxe1+ 20. Rxe1 Ne5
21. Be4 Rd4 22. Qg5 Qb4 23. Qd8+ Kh7 24. Bxg6+ fxg6 25. Rxe5 Rd1+ 26. Kh2 Bxe5+
0-1

[Event "NK A Jeugd"]
[Site "Chess.com"]
[Date "2020.05.01"]
[Round "4"]
[White "Wierenga, Jael"]
[Black "Boghossian, Wahe"]
[Result "1-0"]
[WhiteElo "1961"]
[BlackElo "1819"]
[PlyCount "153"]
[EventDate "2020.05.??"]

1. d4 Nf6 2. c4 g6 3. Nc3 Bg7 4. e4 d6 5. f3 O-O 6. Be3 e5 7. Nge2 Nc6 8. Qd2
a5 9. g4 exd4 10. Nxd4 Ne5 11. Be2 c5 12. Nb3 Be6 13. Nd5 Bxd5 14. cxd5 a4 15.
Nc1 a3 16. b3 Nexg4 17. fxg4 Nxe4 18. Qd3 Qh4+ 19. Kd1 Nc3+ 20. Kc2 Nxd5 21.
Qxd5 Bxa1 22. Bg5 Qh3 23. Nd3 Bg7 24. Bf3 Rae8 25. Nf4 Re5 26. Nxh3 Rxd5 27.
Bxd5 Re8 28. Rf1 Re2+ 29. Kd3 Rxh2 30. Bxf7+ Kh8 31. Nf4 Rxa2 32. Rh1 h6 33.
Bxh6 Bxh6 34. Rxh6+ Kg7 35. Rxg6+ Kxf7 36. Rxd6 Rf2 37. Ke3 Rb2 38. Rd1 Rxb3+
39. Kd2 b5 40. Ra1 b4 41. Nd3 Rc3 42. Ra2 Rc4 43. Ne5+ Ke6 44. Nxc4 Kf6 45.
Nxa3 bxa3 46. Rxa3 Kg5 47. Rc3 Kxg4 48. Rxc5 Kf4 49. Rc1 Ke4 50. Re1+ Kf3 51.
Kd3 Kf4 52. Re8 Kf5 53. Kd4 Kf6 54. Kd5 Kf7 55. Re1 Kf6 56. Re5 Kf7 57. Kd6 Kf6
58. Rd5 Kf7 59. Re5 Kf6 60. Re1 Kf5 61. Re8 Kf4 62. Kd5 Kf3 63. Kd4 Kf2 64. Kd3
Kf3 65. Rf8+ Kg4 66. Ke4 Kg5 67. Ke5 Kg6 68. Rf1 Kg7 69. Ke6 Kg6 70. Rg1+ Kh5
71. Kf5 Kh4 72. Kf4 Kh5 73. Rg2 Kh6 74. Kf5 Kh7 75. Kf6 Kh8 76. Kf7 Kh7 77.
Rh2# 1-0

[Event "NK A Jeugd"]
[Site "Chess.com"]
[Date "2020.05.01"]
[Round "4"]
[White "Hilwerda, Jonas"]
[Black "Roebers, Eline"]
[Result "1-0"]
[WhiteElo "2249"]
[BlackElo "2056"]
[PlyCount "107"]
[EventDate "2020.05.??"]

1. e4 c5 2. Nf3 e6 3. d4 cxd4 4. Nxd4 Nc6 5. Nc3 Qc7 6. Be3 a6 7. Qf3 Nf6 8.
O-O-O Be7 9. Nxc6 bxc6 10. g4 d5 11. g5 Nd7 12. h4 Ne5 13. Qg3 Bd6 14. f4 Ng6
15. e5 Bb4 16. Nb1 Ne7 17. Qf2 Nf5 18. Bb6 Qb7 19. a3 Rb8 20. axb4 Qxb6 21.
Qxb6 Rxb6 22. c3 Ne3 23. Rd2 Nxf1 24. Rxf1 Ke7 25. Rd4 Bd7 26. Nd2 a5 27. bxa5
Rb5 28. Ra4 Ra8 29. b4 c5 30. Nb3 Rbb8 31. Nxc5 Bxa4 32. Nxa4 d4 33. Kc2 dxc3
34. Kxc3 Rc8+ 35. Nc5 Rxc5+ 36. bxc5 Rxa5 37. Kb4 Ra2 38. Rd1 Rb2+ 39. Kc3 Rf2
40. c6 Rf3+ 41. Kc2 Rxf4 42. Rd3 Rc4+ 43. Rc3 Rxc3+ 44. Kxc3 Kd8 45. Kc4 Kc7
46. Kc5 h6 47. gxh6 gxh6 48. h5 Kc8 49. Kd6 Kd8 50. c7+ Kc8 51. Kc6 f5 52. exf6
e5 53. f7 e4 54. f8=Q# 1-0

[Event "NK A Jeugd"]
[Site "Chess.com"]
[Date "2020.05.01"]
[Round "4"]
[White "De Boer, Eelke"]
[Black "Han, Yichen"]
[Result "1-0"]
[WhiteElo "1834"]
[BlackElo "2129"]
[PlyCount "97"]
[EventDate "2020.05.??"]

1. e4 e5 2. Nf3 Nc6 3. Bb5 a6 4. Ba4 Nf6 5. O-O Be7 6. d3 b5 7. Bb3 d6 8. a3
O-O 9. Nc3 Bg4 10. Be3 Nd4 11. Bxd4 exd4 12. Nd5 Nd7 13. h3 Bxf3 14. Qxf3 c6
15. Nxe7+ Qxe7 16. Qh5 a5 17. f4 Rfb8 18. e5 d5 19. c3 dxc3 20. bxc3 Qc5+ 21.
Kh2 Qxc3 22. Qd1 b4 23. Rc1 Qd4 24. axb4 Qxb4 25. Ba4 Ra7 26. Bxc6 Qd4 27. Rb1
Nb6 28. Qb3 h6 29. Bxd5 a4 30. Qb5 a3 31. Ba2 Rc7 32. Qa5 Rc2 33. Qxa3 Ra8 34.
Bxf7+ Kh8 35. Qb4 Qxb4 36. Rxb4 Nd7 37. Bd5 Rd8 38. d4 Nxe5 39. fxe5 Rxd5 40.
Rd1 Kh7 41. Kg3 Kg6 42. Kf3 Ra5 43. Rd3 Kf5 44. g4+ Ke6 45. Rb6+ Kd5 46. Rd6+
Kc4 47. Re3 Rd2 48. e6 Ra8 49. e7 1-0

[Event "NK A Jeugd"]
[Site "Chess.com"]
[Date "2020.05.01"]
[Round "4"]
[White "Labruyère, Roger"]
[Black "Van Foreest, Nanne"]
[Result "0-1"]
[WhiteElo "1920"]
[BlackElo "1874"]
[PlyCount "96"]
[EventDate "2020.05.??"]

1. e4 e5 2. Nf3 Nc6 3. Bc4 Nf6 4. d3 Bc5 5. O-O O-O 6. c3 d6 7. h3 Be6 8. Bxe6
fxe6 9. Qb3 Qc8 10. Be3 Bxe3 11. fxe3 Na5 12. Qa4 b6 13. b4 Nb7 14. Nbd2 c5 15.
Rac1 Qe8 16. Qxe8 Rfxe8 17. d4 cxd4 18. exd4 exd4 19. cxd4 e5 20. d5 Rac8 21.
Ng5 h6 22. Ne6 Kf7 23. Nf3 Rxc1 24. Rxc1 Nxe4 25. Rc7+ Re7 26. Rxe7+ Kxe7 27.
Nxg7 Nc3 28. a3 Nxd5 29. Nf5+ Kf6 30. Nxh6 Ne7 31. Ng4+ Ke6 32. h4 Kf5 33. Nf2
e4 34. Nd4+ Ke5 35. Ne2 d5 36. g4 d4 37. h5 d3 38. Ng3 Nd6 39. Kf1 Kd4 40. g5
e3 41. Ng4 Ndf5 42. Nxf5+ Nxf5 43. g6 d2 44. Ke2 Ng3+ 45. Kd1 Kc3 46. Nxe3 Ne4
47. g7 Kd3 48. Ng4 Nc3# 0-1

[Event "NK A Jeugd"]
[Site "Chess.com"]
[Date "2020.05.01"]
[Round "4"]
[White "Shakhverdian, William"]
[Black "Van Foreest, Machteld"]
[Result "0-1"]
[WhiteElo "2084"]
[BlackElo "2032"]
[PlyCount "72"]
[EventDate "2020.05.??"]

1. e4 e5 2. Nf3 Nc6 3. Bb5 Nf6 4. O-O Nxe4 5. d4 Nd6 6. Bxc6 dxc6 7. dxe5 Nf5
8. Qxd8+ Kxd8 9. Bf4 Be7 10. h3 h5 11. Nc3 Be6 12. Rad1+ Ke8 13. Rfe1 Rd8 14.
Ng5 h4 15. Kh2 Rd4 16. Nxe6 fxe6 17. Be3 Rxd1 18. Nxd1 Nxe3 19. Nxe3 Bc5 20.
Ng4 Ke7 21. c3 Rd8 22. Re2 Rd1 23. a3 a5 24. b4 axb4 25. axb4 Bb6 26. Ne3 Rd3
27. Nc4 Rxc3 28. Nxb6 cxb6 29. Re4 b5 30. Rxh4 Rc4 31. Rh7 Kf7 32. Kg3 Rxb4 33.
h4 Re4 34. f4 b4 35. Rh8 b3 36. Rb8 Rb4 0-1

[Event "NK A Jeugd"]
[Site "Chess.com"]
[Date "2020.05.01"]
[Round "4"]
[White "Qi, Zimo"]
[Black "Vlieger, Olaf"]
[Result "1-0"]
[WhiteElo "1757"]
[BlackElo "1858"]
[PlyCount "137"]
[EventDate "2020.05.??"]

1. d4 Nf6 2. c4 e6 3. Nc3 Bb4 4. Nf3 c5 5. d5 Bxc3+ 6. bxc3 d6 7. Bg5 O-O 8. e4
e5 9. Be2 Nbd7 10. O-O Qc7 11. Nd2 h6 12. Bh4 g5 13. Bg3 Kg7 14. h4 Rh8 15. h5
Rf8 16. Bh2 Nb6 17. g3 Bh3 18. Re1 Ne8 19. Bg4 Bxg4 20. Qxg4 Qd7 21. Qxd7 Nxd7
22. f4 g4 23. Nf1 Nef6 24. Ne3 Kh7 25. Kg2 Rad8 26. Rab1 b6 27. Nf5 Nb8 28.
Nxd6 Nxh5 29. fxe5 f6 30. Nf5 fxe5 31. Rf1 Nf6 32. Rbe1 Rd7 33. Bg1 Rdf7 34.
Be3 Nxe4 35. Bxh6 Rxf5 36. Bxf8 Rxf1 37. Rxf1 Nxc3 38. Bd6 Na6 39. Bxe5 Ne4 40.
Rf7+ Kg6 41. Rxa7 Nb4 42. a3 Nd3 43. d6 Nxe5 44. d7 Nxd7 45. Rxd7 Kf5 46. Rb7
Nd2 47. Rxb6 Nxc4 48. Rb5 Nxa3 49. Rxc5+ Ke4 50. Ra5 Nc4 51. Ra4 Kd3 52. Kf2
Ne5 53. Ra3+ Ke4 54. Ra1 Nd3+ 55. Ke2 Ne5 56. Ra4+ Kf5 57. Ke3 Ng6 58. Ra5+ Kf6
59. Ke4 Ne7 60. Kf4 Ng6+ 61. Kxg4 Ne7 62. Kh5 Nf5 63. Rxf5+ Kxf5 64. g4+ Kf6
65. Kh6 Kf7 66. g5 Kg8 67. Kg6 Kh8 68. Kf7 Kh7 69. g6+ 1-0

[Event "NK A Jeugd"]
[Site "Chess.com"]
[Date "2020.05.01"]
[Round "4"]
[White "Grutter, Tim"]
[Black "Elgersma, Onno"]
[Result "1-0"]
[WhiteElo "2195"]
[BlackElo "2281"]
[PlyCount "71"]
[EventDate "2020.05.??"]

1. e4 Nc6 2. Nf3 d6 3. d4 Nf6 4. Nc3 g6 5. Be2 Bg7 6. O-O O-O 7. h3 e5 8. dxe5
dxe5 9. Qxd8 Rxd8 10. Bg5 Be6 11. Rfd1 h6 12. Be3 a6 13. a3 b5 14. b4 Kf8 15.
Bc5+ Kg8 16. a4 Rxd1+ 17. Bxd1 bxa4 18. Rxa4 Rb8 19. Be2 Nd7 20. Nd5 a5 21.
Nxc7 axb4 22. Bd6 b3 23. cxb3 Bxb3 24. Ra3 Rb6 25. Na8 Rb7 26. Ba6 Ra7 27. Nc7
Be6 28. Nxe6 fxe6 29. Bc4 Kf7 30. Rd3 Ra1+ 31. Kh2 Ra7 32. Bb5 Nd4 33. Bxd7
Rxd7 34. Nxe5+ Bxe5+ 35. Bxe5 Nf3+ 36. Rxf3+ 1-0

[Event "NK A Jeugd"]
[Site "Chess.com"]
[Date "2020.05.01"]
[Round "4"]
[White "Van Randtwijk, Mick"]
[Black "Albers, Sasa"]
[Result "1-0"]
[WhiteElo "2064"]
[BlackElo "2070"]
[PlyCount "45"]
[EventDate "2020.05.??"]

1. e4 c6 2. d4 d5 3. Nc3 dxe4 4. Nxe4 Nd7 5. Nf3 Ngf6 6. Bd3 Nxe4 7. Bxe4 Nf6
8. Bd3 Bg4 9. c3 Qd5 10. Be2 e5 11. dxe5 Bxf3 12. Bxf3 Qxe5+ 13. Qe2 Qxe2+ 14.
Bxe2 Bc5 15. O-O O-O 16. Bf4 Nd5 17. Bg3 Rad8 18. Rad1 Nb6 19. Bf3 h6 20. Rfe1
Rfe8 21. Rxe8+ Rxe8 22. Kf1 Re7 23. b4 1-0

[Event "NK A Jeugd"]
[Site "Chess.com"]
[Date "2020.05.01"]
[Round "4"]
[White "Van Roon, Sjoerd"]
[Black "De Winter, Arthur"]
[Result "0-1"]
[WhiteElo "2319"]
[BlackElo "2435"]
[PlyCount "88"]
[EventDate "2020.05.??"]

1. e4 c5 2. Nf3 Nc6 3. d4 cxd4 4. Nxd4 Nf6 5. Nc3 e5 6. Ndb5 d6 7. Bg5 a6 8.
Na3 b5 9. Nd5 Be7 10. Bxf6 Bxf6 11. c3 Ne7 12. Nxf6+ gxf6 13. Nc2 Bb7 14. Qg4
Rg8 15. Qh4 Ng6 16. Qg4 Qd7 17. Qxd7+ Kxd7 18. f3 Nf4 19. Ne3 Rac8 20. g3 Ne6
21. Bh3 Rc5 22. O-O-O b4 23. Nd5 Rg6 24. Nxb4 Rh6 25. Bf5 Ke7 26. h4 Nc7 27. g4
Nb5 28. Nd3 Rc7 29. Kb1 d5 30. Nf2 d4 31. cxd4 Nxd4 32. Rd3 a5 33. h5 Ba6 34.
Ra3 Rc2 35. Nd1 Rd2 36. Ne3 Re2 37. Nd5+ Kd6 38. Rd1 Bc4 39. Rxa5 Bd3+ 40. Ka1
Nc2+ 41. Kb1 Ne3+ 42. Kc1 Rc2+ 43. Kb1 Rd2+ 44. Kc1 Rxd1# 0-1

[Event "NK A Jeugd"]
[Site "Chess.com"]
[Date "2020.05.01"]
[Round "4"]
[White "Duson, Robin"]
[Black "Arnold, Kiri"]
[Result "1-0"]
[WhiteElo "1929"]
[BlackElo "1677"]
[PlyCount "83"]
[EventDate "2020.05.??"]

1. d4 Nf6 2. c4 c5 3. d5 b5 4. Qc2 bxc4 5. e4 d6 6. Bxc4 Nbd7 7. Nf3 g6 8. O-O
Bg7 9. h3 O-O 10. Rd1 Nb6 11. Bd3 Ne8 12. Nc3 c4 13. Be2 f5 14. Be3 fxe4 15.
Nxe4 Bf5 16. Bd4 Rc8 17. Bxg7 Nxg7 18. Nd4 Bd7 19. Ng5 Rf6 20. Qe4 Qf8 21. Bf3
h6 22. Nge6 Nxe6 23. Nxe6 Bxe6 24. dxe6 Kh7 25. a4 Rf4 26. Qe3 Qf6 27. a5 Na8
28. Qxa7 Rxf3 29. gxf3 Re8 30. Qe3 Nc7 31. a6 Nxe6 32. a7 Nc7 33. Kf1 Qf5 34.
f4 e5 35. Rxd6 exf4 36. Qf3 Qb5 37. Kg2 Qxb2 38. Rad1 Kh8 39. Rd8 Qb5 40. a8=Q
Nxa8 41. Qxa8 Qg5+ 42. Kf1 1-0